Načítá se...
Prakriti chikitsayude charitram/
| Médium: | Printed Book |
|---|---|
| Vydáno: |
Taliparamba:
Health Books,
1998.
|
| Témata: |
| LEADER | 00510nam a22001451a 4500 | ||
|---|---|---|---|
| 082 | |a M 615.535 |b ISA/P | ||
| 245 | |a Prakriti chikitsayude charitram/ |c by Varghese K C (tr.) | ||
| 260 | |a Taliparamba: |b Health Books, |c 1998. | ||
| 300 | |a 94p. | ||
| 650 | |a Naturopathy |9 94856 | ||
| 650 | |a Medicine |9 94857 | ||
| 650 | |a Natural Science |9 94858 | ||
| 942 | |c BK | ||
| 999 | |c 35512 |d 35512 | ||
| 952 | |0 0 |1 0 |4 0 |6 M_615_535000000000000_ISA_P |7 0 |9 51366 |a SSUS |b SSUS |d 2015-01-08 |g 45.00 |o M 615.535 ISA/P |p 009368 |r 2017-01-27 |v 0.00 |w 2015-01-08 |y BK | ||